[Event "AUTO-OPEN-150"]
[Site "http://www.queenalice.com/game.php?id=30594"]
[Date "2005.9.27"]
[Round "1"]
[White "snowflakes"]
[Black "Turnabout"]
[Result "0-1"]
[WhiteElo "1685"]
[BlackElo "1760"]

1. d4 d5 2. Bf4 c5 3. dxc5 Nc6 4. Nf3 e6 5. e3 Bxc5 6. Bb5 f6 7. O-O a6 8. Bxc6+
bxc6 9. h3 e5 10. Bh2 Ne7 11. Nbd2 O-O 12. a3 a5 13. c3 a4 14. b4 axb3 15. Qxb3
Qa5 16. a4 Ba6 17. c4 e4 18. Nxe4 dxe4 19. Nd4 Rfd8 20. Ne6 Rd3 21. Qc2 Rc3 22.
Qxe4 Rxc4 23. Qf3 Bb6 24. Rfd1 Rxa4 25. Rac1 Bc8 26. Nd4 Bxd4 27. exd4 Qd5 28.
Qe3 Be6 29. Re1 Kf7 30. Bg3 Nf5 31. Qc3 Nxg3 32. Qxg3 Rxd4 33. Rb1 Ra7 34. Qc3
Rd3 35. Qb2 Bxh3 36. gxh3 Rxh3 37. Kf1 Rh1+ 38. Ke2 Re7+ 0-1

[Event "AUTO-ELITE-11"]
[Site "http://www.queenalice.com/game.php?id=34797"]
[Date "2005.10.25"]
[Round "1"]
[White "aknightout"]
[Black "Turnabout"]
[Result "0-1"]
[WhiteElo "1931"]
[BlackElo "1975"]

1. Nf3 b6 2. g3 Bb7 3. Bg2 e6 4. d3 f5 5. Nbd2 Nf6 6. b3 Nc6 7. e4 fxe4 8. dxe4
Bb4 9. O-O Bc3 10. Rb1 O-O 11. Bb2 Bxb2 12. Rxb2 e5 13. c3 a5 14. Nc4 Ba6 15.
Re1 Bxc4 16. bxc4 Qe7 17. Nh4 Qc5 18. Qd3 Rae8 19. Rd2 a4 20. Nf5 Na5 21. Ne3
Re6 22. Qe2 Nb7 23. Nd5 Nd6 24. Rb1 Nxc4 25. Nxf6+ Rexf6 26. Rd5 Qxf2+ 27. Qxf2
Rxf2 0-1

[Event "AUTO-ELITE-11"]
[Site "http://www.queenalice.com/game.php?id=34798"]
[Date "2005.10.25"]
[Round "1"]
[White "Turnabout"]
[Black "aknightout"]
[Result "1-0"]
[WhiteElo "1960"]
[BlackElo "1931"]

1. d4 Nf6 2. Nc3 g6 3. Nf3 Bg7 4. e4 d6 5. Be3 a6 6. Qd2 Ng4 7. Bg5 Nc6 8. h3
Nf6 9. Bh6 O-O 10. O-O-O a5 11. Bxg7 Kxg7 12. Qe3 Nd7 13. d5 Nce5 14. Nd2 Nc5
15. f4 Ned7 16. g4 a4 17. e5 e6 18. exd6 cxd6 19. Bb5 a3 20. b4 Na6 21. Nc4 Nxb4
22. dxe6 fxe6 23. Nxd6 Qf6 24. Rd4 Nd5 25. Nxd5 exd5 26. Nxc8 Raxc8 27. Bxd7 Rc7
28. g5 Qd6 29. Be6 Qc6 30. Qe5+ 1-0

[Event "AUTO-ELITE-11"]
[Site "http://www.queenalice.com/game.php?id=34813"]
[Date "2005.10.25"]
[Round "1"]
[White "Pekraf"]
[Black "Turnabout"]
[Result "1/2-1/2"]
[WhiteElo "2035"]
[BlackElo "1905"]

1. d4 d5 2. c4 c6 3. Nf3 e6 4. Qc2 Nf6 5. Bg5 Qa5+ 6. Bd2 Qc7 7. Bg5 Ne4 8. Bd2
Nd7 9. e3 f5 10. Be2 Bd6 11. Nc3 O-O 12. Rc1 Ndf6 13. cxd5 Nxc3 14. bxc3 exd5
15. c4 Be6 16. Ng5 Qd7 17. Nxe6 Qxe6 18. O-O Ne4 19. cxd5 cxd5 20. g3 Ba3 21.
Rcd1 Be7 22. Qb2 1/2-1/2

[Event "AUTO-ELITE-11"]
[Site "http://www.queenalice.com/game.php?id=34814"]
[Date "2005.10.25"]
[Round "1"]
[White "Turnabout"]
[Black "Pekraf"]
[Result "0-1"]
[WhiteElo "1955"]
[BlackElo "2027"]

1. Nf3 Nf6 2. c4 b6 3. g3 c5 4. Bg2 Bb7 5. O-O g6 6. Nc3 Bg7 7. d4 cxd4 8. Nxd4
Bxg2 9. Kxg2 O-O 10. Bg5 Qc7 11. Qd3 Nc6 12. Bxf6 Bxf6 13. Nd5 Qe5 14. Nf3 Qd6
15. Rad1 Rad8 16. Qe3 Bxb2 17. Nxb6 Qc7 18. Nd5 Qa5 19. Rd2 Qa3 20. Rfd1 Rb8 21.
c5 Bc1 22. Qd3 Rb7 23. Rc2 Qxd3 24. exd3 Bh6 25. Re2 e6 26. Nf6+ Kg7 27. Ng4 f6
28. Nxh6 Kxh6 29. d4 Ne7 30. Rde1 Rfb8 31. Nd2 Rb4 32. Nb3 R8b5 33. Re3 a5 34.
Rd3 Rc4 35. a3 Kg7 36. Nd2 Rc2 37. Ne4 Rbb2 38. Rf1 g5 39. h3 Nd5 40. Nd6 h5 41.
Rf3 a4 42. Ne4 g4 43. hxg4 hxg4 0-1

[Event "AUTO-ELITE-11"]
[Site "http://www.queenalice.com/game.php?id=34825"]
[Date "2005.10.25"]
[Round "1"]
[White "Turnabout"]
[Black "razoman"]
[Result "1-0"]
[WhiteElo "1912"]
[BlackElo "1910"]

1. d4 Nf6 2. Nf3 e6 3. Bg5 Be7 4. Nbd2 O-O 5. e4 d6 6. Bd3 Nbd7 7. O-O Ne8 8.
Bxe7 Qxe7 9. e5 dxe5 10. dxe5 Nc5 11. Bc4 c6 12. a4 a5 13. Qe2 b6 14. Ne4 Nxe4
15. Qxe4 Bb7 16. Bd3 g6 17. Qe3 Kg7 18. Qxb6 c5 19. Be2 Kh6 20. Ra3 Ng7 21. g4
Bxf3 22. Rxf3 Ne8 23. Rc3 Nc7 24. Qxc5 Nd5 25. Qxe7 Nxe7 26. Rd1 Nd5 27. Rc4
Rfb8 28. b3 Rc8 29. Bf3 Rxc4 30. bxc4 Nc3 31. Rd3 Ne2+ 32. Bxe2 Rb8 33. Rb3 1-0

[Event "AUTO-ELITE-11"]
[Site "http://www.queenalice.com/game.php?id=34826"]
[Date "2005.10.25"]
[Round "1"]
[White "razoman"]
[Black "Turnabout"]
[Result "0-1"]
[WhiteElo "1896"]
[BlackElo "1806"]

1. e4 Nf6 2. Nc3 d5 3. e5 d4 4. exf6 dxc3 5. bxc3 exf6 6. d4 Be7 7. Bd3 c5 8.
Bb5+ Bd7 9. Bxd7+ Qxd7 10. Nf3 Nc6 11. O-O O-O 12. Rb1 Rad8 13. Be3 Rfe8 14. Re1
Qc7 15. d5 c4 16. Qd2 Qa5 17. Rxb7 Rxd5 18. Bd4 Qxa2 19. Qe3 a6 20. Rc7 Rd6 21.
Bc5 Re6 22. Rxe7 R8xe7 23. Qd2 Qxc2 24. Rxe6 Qxd2 25. Nxd2 Rxe6 26. Kf1 Ne5 27.
Bd4 a5 28. Bxe5 Rxe5 29. Nxc4 Rc5 30. Nb2 Rxc3 0-1

[Event "AUTO-OPEN-150"]
[Site "http://www.queenalice.com/game.php?id=48406"]
[Date "2006.1.18"]
[Round "2"]
[White "jose_scalise"]
[Black "Turnabout"]
[Result "0-1"]
[WhiteElo "1758"]
[BlackElo "1933"]

1. d4 Nf6 2. Nc3 d5 3. e4 Nxe4 4. Nxe4 dxe4 5. c3 e5 6. Qc2 exd4 7. Qxe4+ Qe7 8.
Bd3 dxc3 9. Qxe7+ Bxe7 10. bxc3 O-O 11. Nf3 Bf6 12. Nd4 Rd8 13. Rb1 c5 14. Ne2
Rxd3 0-1

[Event "AUTO-OPEN-150"]
[Site "http://www.queenalice.com/game.php?id=48407"]
[Date "2006.1.18"]
[Round "2"]
[White "Turnabout"]
[Black "jose_scalise"]
[Result "1-0"]
[WhiteElo "1944"]
[BlackElo "1766"]

1. d4 Nf6 2. Nc3 d5 3. Bg5 Bf5 4. e3 e6 5. g4 Bg6 6. Nge2 Be7 7. Nf4 Nbd7 8. h4
h6 9. Nxg6 fxg6 10. Bf4 c6 11. Qd3 Nf8 12. Be2 N6d7 13. Bg3 Nb6 14. e4 g5 15. h5
Nfd7 16. exd5 O-O 17. d6 Bf6 18. Qe4 Nd5 19. Bd3 1-0

[Event "Challenge"]
[Site "http://www.queenalice.com/game.php?id=54885"]
[Date "2006.2.26"]
[Round "-"]
[White "Kaupauki"]
[Black "Turnabout"]
[Result "1-0"]
[WhiteElo "2251"]
[BlackElo "2029"]

1. d4 Nf6 2. c4 e5 3. dxe5 Ng4 4. Nf3 Bc5 5. e3 Nc6 6. Be2 O-O 7. b3 Re8 8. Nc3
Ngxe5 9. Bb2 Nxf3+ 10. Bxf3 Ne5 11. O-O a5 12. Ne4 Bf8 13. Bh5 Qe7 14. Ng3 d6
15. f4 Nd7 16. e4 Nf6 17. Bf3 Qd8 18. Qd3 Nd7 19. Rad1 Nc5 20. Qc3 Qe7 21. Nh5
f5 22. exf5 Bxf5 23. Ng3 Qd7 24. Nxf5 Qxf5 25. Rd5 Qd7 26. f5 Qe7 27. Rd4 c6 28.
Rg4 Qf7 29. Rh4 Qe7 30. Rh3 Rac8 31. f6 gxf6 32. Qc2 Qe3+ 33. Kh1 Ne4 34. Bxe4
Qxe4 35. Rg3+ Bg7 36. Qf2 Rc7 37. Qxf6 1-0

[Event "Challenge"]
[Site "http://www.queenalice.com/game.php?id=54886"]
[Date "2006.2.26"]
[Round "-"]
[White "Turnabout"]
[Black "Kaupauki"]
[Result "0-1"]
[WhiteElo "1979"]
[BlackElo "2321"]

1. d4 Nf6 2. Nc3 d5 3. Bg5 c6 4. e3 Nbd7 5. f4 Qb6 6. Rb1 Ne4 7. Nxe4 dxe4 8.
Qd2 h6 9. Bh4 g5 10. fxg5 hxg5 11. Bxg5 Bg7 12. Ne2 Nf8 13. Bf4 Ng6 14. Bg3 e5
15. a4 Be6 16. a5 Qd8 17. Qc3 Qc7 18. b4 a6 19. dxe5 O-O-O 20. Nd4 Bxe5 21. Bxe5
Nxe5 22. Rd1 Qe7 23. b5 axb5 24. Bxb5 Qg5 25. Rd2 Bd5 26. Rf2 Ng4 27. Bxc6 bxc6
28. Nxc6 Qxe3+ 29. Qxe3 Nxe3 30. Nxd8 Rxd8 31. Re2 Nc4 32. h4 Kd7 33. h5 Nxa5
34. h6 Nc4 35. h7 Rh8 36. Rh5 Kd6 37. g3 e3 38. Rh4 Ke7 39. c3 Kf8 40. Rc2 Na3
41. Rb2 Kg7 42. Rg4+ Kf6 43. Rh2 Bc4 44. Re4 Bd3 45. Rxe3 Nc2+ 0-1

[Event "AUTO-OPEN-150"]
[Site "http://www.queenalice.com/game.php?id=61008"]
[Date "2006.4.3"]
[Round "3"]
[White "Turnabout"]
[Black "dnptrs"]
[Result "1-0"]
[WhiteElo "2001"]
[BlackElo "2053"]

1. d4 Nf6 2. Nf3 e6 3. Bg5 d5 4. Nbd2 Be7 5. e3 O-O 6. Bd3 c5 7. c3 Nc6 8. O-O
cxd4 9. exd4 Nd7 10. Bxe7 Nxe7 11. Re1 Nc6 12. Qc2 g6 13. Nf1 a6 14. Qd2 b5 15.
Qh6 Qf6 16. Ne3 b4 17. Ng4 Qg7 18. Qf4 h5 19. Nh6+ Kh8 20. Ng5 e5 21. Nhxf7+ Kg8
22. dxe5 bxc3 23. bxc3 1-0

[Event "AUTO-OPEN-150"]
[Site "http://www.queenalice.com/game.php?id=61009"]
[Date "2006.4.3"]
[Round "3"]
[White "dnptrs"]
[Black "Turnabout"]
[Result "0-1"]
[WhiteElo "2003"]
[BlackElo "1940"]

1. d4 d5 2. Nf3 e6 3. e3 c6 4. c4 Nd7 5. Nc3 f5 6. Be2 Bd6 7. O-O Ngf6 8. cxd5
exd5 9. h3 O-O 10. Nh2 Ne4 11. Bf3 Qc7 12. g3 Ndf6 13. Bg2 Nxf2 0-1

[Event "Challenge"]
[Site "http://www.queenalice.com/game.php?id=69753"]
[Date "2006.5.17"]
[Round "-"]
[White "Kasperic"]
[Black "Turnabout"]
[Result "0-1"]
[WhiteElo "1482"]
[BlackElo "1977"]

1. e4 e6 2. d4 a6 3. Be3 b5 4. Bd3 Bb7 5. a4 Nf6 6. f3 b4 7. Ne2 c5 8. c3 d5 9.
e5 Nfd7 10. Nd2 c4 11. Bc2 b3 12. Bb1 Be7 13. O-O O-O 14. Qe1 Bh4 15. g3 Be7 0-1

[Event "AUTO-ELITE-53"]
[Site "http://www.queenalice.com/game.php?id=70931"]
[Date "2006.5.23"]
[Round "1"]
[White "Turnabout"]
[Black "rubenov"]
[Result "0-1"]
[WhiteElo "2022"]
[BlackElo "1838"]

1. d4 d5 2. Nc3 Nf6 3. Bg5 e6 4. Nf3 Nbd7 5. e4 dxe4 6. Nxe4 Be7 7. Nxf6+ Bxf6
8. h4 Nb6 9. Bd3 c6 10. Qd2 h6 11. Bxf6 Qxf6 12. O-O-O a5 13. Ne5 Nd5 14. c4 Nb4
15. Bb1 O-O 16. g4 Qe7 17. g5 h5 18. g6 f6 0-1

[Event "AUTO-ELITE-53"]
[Site "http://www.queenalice.com/game.php?id=70932"]
[Date "2006.5.23"]
[Round "1"]
[White "rubenov"]
[Black "Turnabout"]
[Result "1-0"]
[WhiteElo "1861"]
[BlackElo "1999"]

1. d4 Nf6 2. Nc3 e6 3. Bg5 c5 4. dxc5 Bxc5 5. e3 d5 6. a3 Nbd7 7. Nf3 O-O 8. Bd3
Be7 9. O-O Nc5 10. Be2 Nce4 11. Nxe4 dxe4 12. Nd2 Qd5 13. Bf4 Rd8 14. Nb3 Qc6
15. Nd4 Qc5 16. b4 Qc3 17. Qc1 Bd7 18. Rd1 Nd5 19. Bg3 1-0

[Event "AUTO-ELITE-53"]
[Site "http://www.queenalice.com/game.php?id=70934"]
[Date "2006.5.23"]
[Round "1"]
[White "StenioVS"]
[Black "Turnabout"]
[Result "0-1"]
[WhiteElo "1862"]
[BlackElo "1990"]

1. d4 d5 2. c4 c6 3. Nc3 e5 4. cxd5 cxd5 5. Nf3 e4 6. Ne5 f6 7. Qa4+ Nd7 8. Ng4
Kf7 9. Bf4 Nb6 10. Ne3 Nxa4 0-1

[Event "AUTO-ELITE-53"]
[Site "http://www.queenalice.com/game.php?id=70935"]
[Date "2006.5.23"]
[Round "1"]
[White "Turnabout"]
[Black "JimMorrisson"]
[Result "1-0"]
[WhiteElo "1977"]
[BlackElo "2142"]

1. d4 Nf6 2. Nf3 e6 3. Bg5 c5 4. e3 Qb6 5. Nbd2 d5 6. Rb1 Nc6 7. c3 Bd7 8. Bd3
Bd6 9. dxc5 Bxc5 10. O-O e5 11. b4 Bd6 12. c4 Qc7 13. c5 Be7 14. e4 dxe4 15.
Nxe4 Nxe4 16. Bxe4 f6 17. Bd2 a6 18. Qc2 g6 19. a4 Be6 20. Rfc1 Rd8 21. b5 axb5
22. axb5 Nd4 23. Nxd4 Rxd4 24. c6 bxc6 25. Bxc6+ Bd7 26. Be3 Rd6 27. Bxd7+ Qxd7
28. b6 Kf7 29. b7 Rb8 30. Qb3+ Kg7 31. Ba7 Rd3 32. Qxd3 Qxd3 33. Bxb8 Bc5 34.
Bxe5 Ba7 35. Ra1 1-0

[Event "AUTO-ELITE-53"]
[Site "http://www.queenalice.com/game.php?id=70936"]
[Date "2006.5.23"]
[Round "1"]
[White "JimMorrisson"]
[Black "Turnabout"]
[Result "1-0"]
[WhiteElo "2087"]
[BlackElo "2000"]

1. e4 c6 2. d4 d5 3. Nc3 dxe4 4. Nxe4 Nf6 5. Nxf6+ gxf6 6. Nf3 Rg8 7. g3 Bg4 8.
Bg2 Qd7 9. c4 Qe6+ 10. Qe2 Qxe2+ 11. Kxe2 e5 12. h3 Be6 13. b3 e4 14. Nh4 f5 15.
Be3 Be7 16. Rhg1 Na6 17. a3 O-O-O 18. Bh1 Bf6 19. Rad1 Nc7 20. Ng2 b5 21. Nf4
bxc4 22. Nxe6 Nxe6 23. bxc4 Nxd4+ 24. Bxd4 Bxd4 25. g4 Rge8 26. gxf5 Re5 27. Rg4
Rxf5 28. Bxe4 Rxf2+ 29. Ke1 h5 30. Rxd4 Rxd4 31. Rg8+ Kc7 32. Kxf2 Rxe4 33. c5
Rf4+ 34. Kg2 Rf5 35. Rf8 Kb7 36. Kg3 Ka6 37. a4 Ka5 38. Ra8 a6 39. Ra7 f6 40.
Kh4 Rxc5 41. Rh7 Kxa4 42. Rxh5 1-0